Carregando...

Organizational Behavior

Detalhes bibliográficos
Autor principal: Steven L Mcshane Mary Ann Von Glinew Radha R Sharma
Formato: Printed Book
Publicado em: New Delhi McGraw-Hill Education Pvt Ltd 2008
Edição:1st
Assuntos:
LEADER 00566nam a22001697a 4500
003 OSt
020 |a 9780070078048 
082 |a 658.4  |b STE/OR 
100 |a Steven L Mcshane  |a Mary Ann Von Glinew  |a Radha R Sharma 
245 |a Organizational Behavior 
250 |a 1st 
260 |a New Delhi  |b McGraw-Hill Education Pvt Ltd  |c 2008 
300 |a  695 
650 |a Global Organization 
942 |2 ddc  |c BK 
999 |c 189243  |d 189243 
952 |0 0  |1 0  |2 ddc  |4 0  |6 658_400000000000000_STE_OR  |7 0  |9 195395  |a KAUCBV  |b KAUCBV  |d 2016-03-26  |g 0.00  |l 1  |o 658.4 STE/OR  |r 2019-03-22  |s 2019-03-19  |w 2016-03-26  |y BK